MARC details
| 000 -CABECERA |
| campo de control de longitud fija |
00984nam a22002657a 4500 |
| 003 - IDENTIFICADOR DEL NÚMERO DE CONTROL |
| campo de control |
DO-SdBNP |
| 005 - FECHA Y HORA DE LA ÚLTIMA TRANSACCIÓN |
| campo de control |
20250411115854.0 |
| 007 - CAMPO FIJO DE DESCRIPCIÓN FÍSICA--INFORMACIÓN GENERAL |
| campo de control de longitud fija |
ta |
| 008 - DATOS DE LONGITUD FIJA--INFORMACIÓN GENERAL |
| campo de control de longitud fija |
211008e2020 dr aa||gr|||| 00| edspa d |
| 020 ## - NÚMERO INTERNACIONAL ESTÁNDAR DEL LIBRO |
| Número Internacional Estándar del Libro |
9789945613704 |
| 040 ## - FUENTE DE LA CATALOGACIÓN |
| Centro catalogador/agencia de origen |
DO-SdBNP |
| Lengua de catalogación |
spa |
| Centro/agencia transcriptor |
BNPHU |
| 082 #4 - NÚMERO DE LA CLASIFICACIÓN DECIMAL DEWEY |
| Número de edición |
22 |
| Número de documento/Ítem |
B142c |
| 100 1# - ENTRADA PRINCIPAL--NOMBRE DE PERSONA |
| Nombre de persona |
Báez, Etzel, |
| Fechas asociadas al nombre |
1953- |
| 9 (RLIN) |
44070 |
| 245 10 - MENCIÓN DE TÍTULO |
| Título |
El crimen de las hermanas Mirabal y Rufino de la Cruz / |
| Mención de responsabilidad, etc. |
Etzel Báez ; ilustraciones : Abel Raimundo ; asesoría de historia : Carmen Durán. |
| 260 ## - PUBLICACIÓN, DISTRIBUCIÓN, ETC. |
| Lugar de publicación, distribución, etc. |
Santo Domingo : |
| Nombre del editor, distribuidor, etc. |
Archivo General de la Nación, |
| Fecha de publicación, distribución, etc. |
2020 |
| 300 ## - DESCRIPCIÓN FÍSICA |
| Extensión |
48 p. : |
| Otras características físicas |
il. ; |
| Dimensiones |
28 cm. |
| 490 ## - MENCIÓN DE SERIE |
| Mención de serie |
Archivo General de la Nación ; |
| Designación de volumen o secuencia |
402 |
| 500 ## - NOTA GENERAL |
| Nota general |
Incluye datos biográficos de los autores. |
| 590 ## - NOTA LOCAL (RLIN) |
| Nota local |
Inventariado, 2021 /LP<br/> |
| 650 #0 - PUNTO DE ACCESO ADICIONAL DE MATERIA--TÉRMINO DE MATERIA |
| 9 (RLIN) |
8626 |
| Término de materia o nombre geográfico como elemento de entrada |
Tiras Cómicas, Historietas, etc.. |
| Subdivisión de forma |
Era de Trujillo, |
| Subdivisión general |
Historia y Crítica |
| Subdivisión cronológica |
1930-1961 |
| 700 1# - PUNTO DE ACCESO ADICIONAL--NOMBRE DE PERSONA |
| Nombre de persona |
Raimundo, Abel, |
| Fechas asociadas al nombre |
1958- |
| Término indicativo de función/relación |
il. |
| 9 (RLIN) |
80151 |
| 700 1# - PUNTO DE ACCESO ADICIONAL--NOMBRE DE PERSONA |
| Nombre de persona |
Durán, Carmen, |
| 9 (RLIN) |
13188 |
| 910 ## - DATOS DE OPCIÓN DEL USUARIO (OCLC) |
| Datos de opción del usuario |
Lopérez |
| 942 ## - ELEMENTOS DE PUNTO DE ACCESO ADICIONAL (KOHA) |
| Fuente del sistema de clasificación o colocación |
Dewey Decimal Classification |
| Tipo de ítem Koha |
Libro |